Responses for Show #6349 - Thursday, April 5, 2012

Contestants

[<< previous game]

John Sellers, a writer from Brooklyn, New York

Emily Garber, a civil liberties lawyer from Portland, Oregon

Joey Falco, a writer from Santa Monica, California (whose 2-day cash winnings total $23,999)

[next game >>]

Jeopardy! Round responses

A SHOWER OF APRIL
THE "IV" LEAGUE
TIME ZONE CITIES
BUY GUM!
TV DRAMAS
WHAT I MEANT TO SAY WAS...
    $200 23
India

Joey
    $200 6
a private

John
    $200 11
Pacific Time Zone

Joey
    $200 16
Doublemint

John
    $200 1
the Waltons

Joey
    $200 9
Quayle

John
    $400 27
(Emily: What is the Humane Society... of the United States?)

the ASPCA

Emily
Triple Stumper
    $400 7
chives

Joey
    $400 12
Mountain Time Zone

Joey
    $400 17
(John: What is Carefree?)

Trident

John
Triple Stumper
    $400 2
Justified

Joey
    $400 10
(Emily: What is dander?)
(Alex: No.)
(Emily: [Correcting herself quickly] What is dandruff?)

dandruff

EmilyJohn
    $600 28
the Unabomber

Joey
    $600 8
herbivore

Triple Stumper
    $600 13
Central

John
    $600 18
Orbit

John
    $600 3
Simon Baker

Joey
    $600 22
humidity

Emily
    $1,000 29
the Library of Congress

Joey
    $800 20
elective

Emily
    $800 14
Central

John
    $800 19
chiclet

Emily
    $800 4
The Vampire Diaries

Joey
    $800 24
Alcatraz

Emily
    $1000 30
(Alex: Also the title of a Buster Keaton film, I believe, [*].)

The General

Triple Stumper
    $1000 21
derivation

Emily
    $1000 15
Eastern

John
    $1000 26
Dubble Bubble

Triple Stumper
    $1000 5
Ice-T

John
    $1000 25
Pandoras

John

Scores at the first commercial break (after clue 15):

Joey Emily John
$3,000 -$400 $4,200

Scores at the end of the Jeopardy! Round:

Joey Emily John
$4,800 $3,200 $5,600

Double Jeopardy! Round responses

MURDER, SHE WROTE
DREAM-Y SONGS
HUMAN BODY BITS
ADVICE COLUMN SIGNATURES
GRAB IT
(Alex: And because Season 2 premieres this Sunday on Showtime, a whole category about...)
THE BORGIAS
    $400 2
Agatha Christie

Joey
    $400 3
Beyonce

Joey
    $400 20
the ear

Joey
    $400 16
Undecided

Emily
    $400 11
his bat

Emily
    $400 25
Vatican City

Joey
    $800 8
Sue Grafton

Joey
    $800 4
"California Dreamin'"

Joey
    $800 21
hamstring

Triple Stumper
    $800 17
Despondent

Emily
    $800 12
a ball-peen hammer

Emily
    $800 26
Istanbul

John
    $1200 1
Margaret Truman

Triple Stumper
    $1200 5
Vanessa Williams

Triple Stumper
    $1200 22
the brain stem

Triple Stumper
    $1200 18
Incensed

Triple Stumper
    $1200 13
(Joey: What are bagpipes?)
(John: What are candles?)

torches

JoeyJohn
Triple Stumper
    $1200 27
France

Triple Stumper
    $1600 9
Kathy Reichs

Triple Stumper
    $1600 6
Katy Perry

Joey
    $3,000 23
the pancreas

Joey
    $1600 19
Possessed

Joey
    $1600 14
a mace

Triple Stumper
    $1600 28
Milan

John
    $2000 10
Patricia Highsmith

Triple Stumper
    $2000 7
"Dream Weaver"

Joey
    $2000 24
the foot

Triple Stumper
    $2000 15
kendo

Triple Stumper
    $3,000 29
[The end-of-round signal sounds.]

the Tiber

John

Scores at the end of the Double Jeopardy! Round:

Joey Emily John
$15,000 $5,600 $9,800

[wagering suggestions for these scores]

Final Jeopardy! Round responses

POLITICAL TERMS
EmilyWhat are "red state" + "blue state"?
$5,555
JohnWhat are Red State + Blue State?
$5,201
JoeyWhat are red state and blue state?
$15,000
red state & blue state

Final scores:

Joey Emily John
$30,000 $11,155 $15,001
3-day champion: $53,999 3rd place: $1,000 2nd place: $2,000

Game dynamics:

Coryat scores:

Joey Emily John
$13,400 $5,600 $8,800
20 R
(including 2 DDs),
1 W
9 R,
2 W
13 R
(including 1 DD),
2 W

Combined Coryat: $27,800

[game clues] [game scores] [suggest correction]

Game tape date: 2011-12-13
The J! Archive is created by fans, for fans. Scraping, republication, monetization, and malicious use prohibited; this site may use cookies and collect identifying information. See terms. The Jeopardy! game show and all elements thereof, including but not limited to copyright and trademark thereto, are the property of Jeopardy Productions, Inc. and are protected under law. This website is not affiliated with, sponsored by, or operated by Jeopardy Productions, Inc. Join the discussion at JBoard.tv.